[Event "Feffernitz op 28th"]
[Site "Feffernitz"]
[Date "2019.08.22"]
[Round "6"]
[White "Postlmayer, Jakob"]
[Black "Strobel, Matthias"]
[Result "1-0"]
[WhiteElo "2188"]
[BlackElo "2081"]
[PlyCount "105"]
[EventDate "2019.08.18"]
[EventType "swiss"]
[EventRounds "9"]
[EventCountry "AUT"]
[SourceTitle "EXT 2020"]
[Source "ChessBase"]
[SourceDate "2019.10.17"]
[SourceVersion "1"]
[SourceVersionDate "2019.10.17"]
[SourceQuality "1"]

1. c4 e5 2. Nc3 Nc6 3. e3 Bb4 4. Qc2 Nf6 5. Nf3 0-0 6. Nd5 Re8 7. Bd3 h6 8. a3 Bc5 9. Nxf6+ Qxf6 10. Be4 a5 11. b3 d6 12. Bb2 Bb6 13. 0-0 Bg4 14. Rad1 Rad8 15. Rfe1 g6 16. Bc3 Bf5 17. Bxf5 Qxf5 18. Qxf5 gxf5 19. d4 f6 20. Kf1 Kf7 21. Nh4 Ne7 22. b4 Ra8 23. Ra1 c6 24. Reb1 Reb8 25. g3 Ke6 26. Ke2 Bc7 27. b5 b6 28. bxc6 d5 29. cxd5+ Nxd5 30. Rc1 b5 31. Bb2 Ra6 32. dxe5 fxe5 33. Nf3 Ne7 34. Rc5 Rxc6 35. Rxc6+ Nxc6 36. Rc1 Rb6 37. Nd2 Bd6 38. e4 a4 39. exf5+ Kxf5 40. f3 b4 41. Nc4 Ra6 42. Nxd6+ Ke6 43. Ne4 bxa3 44. Bxa3 Nd4+ 45. Kf2 Ra8 46. Ra1 Nb5 47. Ke3 Kd5 48. Kd3 Nd4 49. f4 Nb3 50. Rd1 exf4 51. gxf4 Rc8 52. Ke3+ Ke6 53. f5+ 1-0

[Event "Feffernitz op 26th"]
[Site "Feffernitz"]
[Date "2017.08.23"]
[Round "5"]
[White "Perhinig, Robert"]
[Black "Strobel, Matthias"]
[Result "1-0"]
[WhiteElo "2206"]
[BlackElo "2102"]
[PlyCount "57"]
[EventDate "2017.08.20"]
[EventType "swiss"]
[EventRounds "9"]
[EventCountry "AUT"]
[SourceTitle "CBM 180 Extra"]
[Source "ChessBase"]
[SourceDate "2017.10.06"]
[SourceVersion "1"]
[SourceVersionDate "2017.10.06"]
[SourceQuality "1"]

1. Nf3 Nf6 2. c4 e6 3. d4 d5 4. g3 c6 5. Qc2 Bd6 6. Bg2 Nbd7 7. b3 Rb8 8. 0-0 0-0 9. Bb2 b6 10. Nbd2 Bb7 11. e4 dxe4 12. Ng5 Re8 13. Ndxe4 Nxe4 14. Nxe4 Be7 15. Rfd1 Qc7 16. Rac1 Rbc8 17. h4 h6 18. Re1 c5 19. dxc5 bxc5 20. Qe2 f5 21. Nc3 Bf6 22. Nb5 Qb8 23. Bxb7 Qxb7 24. Nd6 Qc6 25. Nxc8 Qxc8 26. Rcd1 Qc6 27. Qd2 Re7 28. Bxf6 Nxf6 29. Qd6 1-0

[Event "Feffernitz op 25th"]
[Site "Feffernitz"]
[Date "2016.08.26"]
[Round "7"]
[White "Strobel, Matthias"]
[Black "Perhinig, Robert"]
[Result "0-1"]
[WhiteElo "2094"]
[BlackElo "2256"]
[PlyCount "132"]
[EventDate "2016.08.21"]
[EventType "swiss"]
[EventRounds "9"]
[EventCountry "AUT"]
[SourceTitle "CBM 174 Extra"]
[Source "ChessBase"]
[SourceDate "2016.10.10"]
[SourceVersion "1"]
[SourceVersionDate "2016.10.10"]
[SourceQuality "1"]

1. d4 d5 2. c4 c6 3. Nf3 Nf6 4. e3 Bf5 5. Nc3 e6 6. Bd3 Bg6 7. Ne5 Nbd7 8. Nxg6 hxg6 9. e4 dxe4 10. Nxe4 Nxe4 11. Bxe4 Nf6 12. Bf3 Bb4+ 13. Bd2 Qa5 14. a3 Bxd2+ 15. Qxd2 Qxd2+ 16. Kxd2 0-0-0 17. Ke3 Rhe8 18. Rhd1 g5 19. Rd3 g4 20. Be4 Rh8 21. Rh1 Rh4 22. g3 Rh5 23. f3 Rdh8 24. Rd2 Rh3 25. Rg2 R8h5 26. Kd3 Rg5 27. Rf2 gxf3 28. Bxf3 Kc7 29. Re1 c5 30. dxc5 Rxc5 31. b4 Rf5 32. Ree2 Rh8 33. Kc2 Rd8 34. Bh1 Rh5 35. Rd2 Rxd2+ 36. Rxd2 Re5 37. Bf3 Rf5 38. Rd3 g5 39. Re3 Nd7 40. Bg4 Rf1 41. h4 gxh4 42. gxh4 Rg1 43. Be2 Rh1 44. h5 b6 45. Rg3 Kd6 46. Bf3 Rh2+ 47. Rg2 Rh3 48. Rd2+ Ke7 49. Bg4 Rh4 50. Be2 f5 51. Kb3 Rh3+ 52. Ka4 Rh2 53. Kb5 f4 54. c5 bxc5 55. bxc5 Nxc5 56. h6 Ne4 57. Rc2 Rxh6 58. Rc7+ Kd6 59. Rc6+ Ke5 60. a4 Rf6 61. Bf3 Nd2 62. Bg4 f3 63. Rc5+ Kd4 64. Rc7 f2 65. Rd7+ Ke3 66. Bh3 Rh6 0-1

[Event "Feffernitz op 24th"]
[Site "Feffernitz"]
[Date "2015.08.22"]
[Round "8"]
[White "Strobel, Matthias"]
[Black "Faerber, David"]
[Result "0-1"]
[WhiteElo "2094"]
[BlackElo "1957"]
[PlyCount "88"]
[EventDate "2015.08.16"]
[EventType "swiss"]
[EventRounds "9"]
[EventCountry "AUT"]
[SourceTitle "EXT 2016"]
[Source "ChessBase"]
[SourceDate "2015.10.08"]
[SourceVersion "1"]
[SourceVersionDate "2015.10.08"]
[SourceQuality "1"]

1. Nf3 d5 2. d4 Nf6 3. c4 c6 4. Nc3 dxc4 5. e3 b5 6. a4 b4 7. Na2 e6 8. Bxc4 Nbd7 9. 0-0 Be7 10. Bd2 a5 11. Qe2 0-0 12. Rfd1 Bb7 13. Nc1 Qb6 14. Nb3 c5 15. Be1 Rfd8 16. Bb5 Rac8 17. dxc5 Nxc5 18. Rxd8+ Rxd8 19. Nbd4 Rc8 20. Ne5 Nfe4 21. Nc4 Qc7 22. f3 Nd6 23. Bg3 f6 24. Nxd6 Bxd6 25. Bc4 Bxg3 26. hxg3 Qe7 27. Rd1 Kh8 28. Kf2 Rd8 29. Rh1 g6 30. Qc2 e5 31. Ne2 Kg7 32. g4 Qd6 33. Rc1 e4 34. Nd4 exf3 35. gxf3 Qh2+ 36. Ke1 Qh1+ 37. Bf1 Ba6 38. Kd2 Bxf1 39. Qxc5 Qg2+ 40. Ke1 Rd5 41. Qc7+ Kg8 42. e4 Qg1 43. Rd1 Bd3+ 44. Kd2 Qxd4 0-1

[Event "Latschach op 30th"]
[Site "Latschach"]
[Date "2014.08.11"]
[Round "4"]
[White "Blank, David"]
[Black "Strobel, Matthias"]
[Result "1/2-1/2"]
[WhiteElo "1858"]
[BlackElo "2107"]
[PlyCount "161"]
[EventDate "2014.08.09"]
[EventType "swiss"]
[EventRounds "9"]
[EventCountry "AUT"]
[SourceTitle "CBM 161 Extra"]
[Source "ChessBase"]
[SourceDate "2014.08.29"]
[SourceVersion "1"]
[SourceVersionDate "2014.08.29"]
[SourceQuality "1"]

1. d4 Nf6 2. c4 d6 3. Nc3 Nbd7 4. Nf3 e5 5. e4 Be7 6. g3 0-0 7. Bg2 c6 8. 0-0 a6 9. a3 Qc7 10. b4 Re8 11. Qc2 Bf8 12. dxe5 dxe5 13. c5 a5 14. Bb2 b6 15. cxb6 Qxb6 16. Na4 Qb5 17. Nc3 Qb8 18. bxa5 Rxa5 19. Nd1 Bc5 20. Nd2 Ba6 21. Re1 Rb5 22. Bf1 Rb6 23. Bxa6 Rxa6 24. Nc4 Qa7 25. Nde3 Ra4 26. Qd3 Qa6 27. Red1 Bf8 28. Nd6 Qxd3 29. Rxd3 Rb8 30. Ndc4 Nc5 31. Rdd1 Ncxe4 32. Bxe5 Re8 33. Bd6 Nxd6 34. Nxd6 Re6 35. Ndc4 g6 36. Nb6 Rxa3 37. Rxa3 Bxa3 38. Nbc4 Bc5 39. Rc1 Ne4 40. Kg2 Bd4 41. Rc2 Kg7 42. Kf3 h5 43. h4 Nf6 44. Na5 Nd7 45. Rd2 Ne5+ 46. Kg2 Bc3 47. Ra2 c5 48. Nac4 Nxc4 49. Nxc4 Bd4 50. Rc2 Kf6 51. f4 Re1 52. Kf3 Ke6 53. Re2+ Rxe2 54. Kxe2 Kd5 55. Nb6+ Kc6 56. Nc4 Bc3 57. Ne3 Bd4 58. Nc2 Kd5 59. Na3 c4 60. Nc2 Bc5 61. Kf3 c3 62. Na1 Be7 63. Ke3 Kc4 64. Ke4 Bc5 65. f5 Bf2 66. fxg6 fxg6 67. Kf4 Kd3 68. Kg5 Bxg3 69. Kxg6 Bxh4 70. Kxh5 Be7 71. Kg4 Ba3 72. Kf3 Bb2 73. Nb3 Kc4 74. Na5+ Kb4 75. Nc6+ Kc5 76. Ne5 Kd4 77. Nc6+ Kd3 78. Nb4+ Kd2 79. Ke4 Ba3 80. Na2 c2 81. Kd4 1/2-1/2

[Event "Feffernitz Raika op 22nd"]
[Site "Feffernitz"]
[Date "2013.08.21"]
[Round "5"]
[White "Mazi, Leon"]
[Black "Strobel, Matthias"]
[Result "1/2-1/2"]
[WhiteElo "2368"]
[BlackElo "2096"]
[PlyCount "164"]
[EventDate "2013.08.18"]
[EventType "swiss"]
[EventRounds "9"]
[EventCountry "AUT"]
[SourceTitle "CBM 156 Extra"]
[Source "ChessBase"]
[SourceDate "2013.10.22"]
[SourceVersion "1"]
[SourceVersionDate "2013.10.22"]
[SourceQuality "1"]

1. e4 c6 2. d4 d5 3. Nc3 dxe4 4. Nxe4 Nf6 5. Nxf6+ exf6 6. c3 Bd6 7. Bd3 Qe7+ 8. Ne2 Bg4 9. h3 Bh5 10. Qc2 Bg6 11. 0-0 Qc7 12. Bxg6 hxg6 13. Qe4+ Kf8 14. Bf4 Nd7 15. Rfe1 Re8 16. Qf3 Rh4 17. g4 g5 18. Bxd6+ Qxd6 19. Kg2 Qd5 20. Ng1 Re6 21. b3 Ke7 22. c4 Qxf3+ 23. Nxf3 Rh8 24. Kg3 g6 25. h4 gxh4+ 26. Nxh4 Nf8 27. Ng2 Kd6 28. Ne3 Nd7 29. Rad1 Kc7 30. Rd2 a5 31. Rc1 b6 32. Rcd1 Rd6 33. d5 Nc5 34. Kf3 Rh3+ 35. Kg2 Rh4 36. dxc6 Rxd2 37. Rxd2 Kxc6 38. Rd8 Ne6 39. Rb8 Kc7 40. Ra8 Nf4+ 41. Kf3 Ne6 42. Ra7+ Kc6 43. Kg3 Rh7 44. Nd5 f5 45. gxf5 gxf5 46. Ra6 f4+ 47. Kg2 Kc5 48. Rxb6 Nd4 49. Ra6 Rg7+ 50. Kh3 Ne2 51. Rf6 Ng1+ 52. Kh4 f3 53. Ne3 Rh7+ 54. Kg3 Rh3+ 55. Kf4 Rh2 56. Ng4 Rh3 57. Rf5+ Kb6 58. Ke3 Ne2 59. a3 Nc3 60. b4 axb4 61. axb4 Rh4 62. Kxf3 Rh3+ 63. Kg2 Rh7 64. Ne3 Ne2 65. Rf6+ Kb7 66. Kf3 Nc3 67. b5 Rh3+ 68. Kg2 Rh7 69. Rd6 Ne4 70. Rc6 Nc3 71. c5 Rg7+ 72. Kf3 Rg6 73. Rxg6 fxg6 74. b6 Na4 75. Nc4 Nxc5 76. Kg4 Kc6 77. f3 Kb5 78. Ne5 Kxb6 79. Nxg6 Kc6 80. Kf5 Kd6 81. Kf6 Nd3 82. Kf5 Ne1 1/2-1/2

[Event "Feffernitz Raika op 21st"]
[Site "Feffernitz"]
[Date "2012.08.24"]
[Round "7"]
[White "Strobel, Matthias"]
[Black "Kesik, Klaus Dieter"]
[Result "1/2-1/2"]
[WhiteElo "2087"]
[BlackElo "2243"]
[PlyCount "100"]
[EventDate "2012.08.19"]
[EventType "swiss"]
[EventRounds "9"]
[EventCountry "AUT"]
[SourceTitle "CBM 150 Extra"]
[Source "ChessBase"]
[SourceDate "2012.10.19"]
[SourceVersion "1"]
[SourceVersionDate "2012.10.19"]
[SourceQuality "1"]

1. d4 Nf6 2. c4 g6 3. Nc3 Bg7 4. Bg5 c5 5. e3 h6 6. Bh4 cxd4 7. exd4 d5 8. Bxf6 Bxf6 9. cxd5 0-0 10. Bc4 Qb6 11. Qd2 Qxd4 12. Qxd4 Bxd4 13. Nge2 Bg7 14. 0-0 Nd7 15. Rad1 Nb6 16. Bb3 Bd7 17. Rfe1 Rfc8 18. Nd4 Kf8 19. Re4 a6 20. Rde1 Re8 21. Nf3 Nc8 22. Ne5 Bf5 23. Rf4 h5 24. h3 f6 25. Nf3 Bh6 26. Rxf5 gxf5 27. Nd4 Nd6 28. Ne6+ Kf7 29. Nc7 Rac8 30. Nxe8 Kxe8 31. Ne2 h4 32. Kf1 Kf7 33. Nd4 Bd2 34. Rd1 Bc1 35. Bc2 Bxb2 36. Bxf5 Nxf5 37. Nxf5 Be5 38. d6 exd6 39. Nxd6+ Bxd6 40. Rxd6 Rc1+ 41. Ke2 Rb1 42. a4 Rb4 43. Ke3 Kg6 44. Rd4 Rb3+ 45. Kf4 Rb2 46. Ke3 Kg5 47. Rg4+ Kh5 48. Rf4 Kg5 49. Rg4+ Kh5 50. Rf4 Kg5 1/2-1/2

[Event "Oberliga Wuerttemberg 0809"]
[Site "Wuerttemberg"]
[Date "2009.03.01"]
[Round "7.8"]
[White "Strobel, Matthias"]
[Black "Mueller, Arnd"]
[Result "1/2-1/2"]
[WhiteElo "2027"]
[BlackElo "2138"]
[PlyCount "43"]
[EventDate "2008.10.12"]
[EventType "team-tourn"]
[EventRounds "9"]
[EventCountry "GER"]
[SourceTitle "EXT 2019"]
[Source "ChessBase"]
[SourceDate "2018.10.10"]
[SourceVersion "1"]
[SourceVersionDate "2018.10.10"]
[SourceQuality "1"]
[WhiteTeam "Stuttgart SF II"]
[BlackTeam "Schwaebisch Gmuend"]
[WhiteTeamCountry "GER"]
[BlackTeamCountry "GER"]

1. d4 e6 2. e4 d5 3. Bd3 Nf6 4. e5 Nfd7 5. Nf3 c5 6. c3 Nc6 7. Nbd2 Be7 8. 0-0 f6 9. exf6 Nxf6 10. dxc5 Bxc5 11. c4 0-0 12. Nb3 Bd6 13. Bg5 Kh8 14. cxd5 exd5 15. Nbd4 Qb6 16. Nxc6 bxc6 17. Qa4 Ne4 18. Bxe4 dxe4 19. Qxe4 Bf5 20. Qd4 Bc5 21. Qc3 Bb4 22. Qc4 1/2-1/2

[Event "Oberliga Wuerttemberg 0809"]
[Site "Wuerttemberg"]
[Date "2008.11.30"]
[Round "3.7"]
[White "De Boer, Hans Reiner"]
[Black "Strobel, Matthias"]
[Result "1/2-1/2"]
[WhiteElo "2071"]
[BlackElo "2027"]
[PlyCount "38"]
[EventDate "2008.10.12"]
[EventType "team-tourn"]
[EventRounds "9"]
[EventCountry "GER"]
[SourceTitle "EXT 2019"]
[Source "ChessBase"]
[SourceDate "2018.10.10"]
[SourceVersion "1"]
[SourceVersionDate "2018.10.10"]
[SourceQuality "1"]
[WhiteTeam "Feuerbach"]
[BlackTeam "Stuttgart SF II"]
[WhiteTeamCountry "GER"]
[BlackTeamCountry "GER"]

1. e4 c6 2. d4 d5 3. exd5 cxd5 4. Bd3 Nc6 5. c3 Nf6 6. Bf4 e6 7. Nf3 Be7 8. Nbd2 Bd7 9. Ne5 a5 10. 0-0 a4 11. b4 axb3 12. axb3 0-0 13. b4 Qb6 14. Nxd7 Nxd7 15. Re1 Bf6 16. Nf3 Rfc8 17. Bg5 Qd8 18. Bf4 Rxa1 19. Qxa1 Ra8 1/2-1/2

[Event "Oberliga Wuerttemberg 9899"]
[Site "Wuerttemberg"]
[Date "1998.10.11"]
[Round "1"]
[White "Strobel, Matthias"]
[Black "Wolf, Walter"]
[Result "0-1"]
[WhiteElo "2160"]
[BlackElo "2275"]
[PlyCount "74"]
[EventDate "1998.10.??"]
[EventType "team"]
[EventRounds "9"]
[EventCountry "GER"]
[SourceTitle "EXT 2000"]
[Source "ChessBase"]
[SourceDate "1999.11.16"]
[SourceVersion "1"]
[SourceVersionDate "1999.11.16"]
[SourceQuality "1"]

1. d4 g6 2. e4 Bg7 3. Nf3 d6 4. Bc4 e6 5. Qe2 Ne7 6. Bb3 0-0 7. 0-0 c5 8. c3 Qc7 9. Bf4 e5 10. dxe5 dxe5 11. Bg3 b5 12. a4 bxa4 13. Rxa4 Qb6 14. Bc4 Nbc6 15. Rd1 Rb8 16. Ra2 Na5 17. Bxe5 Nxc4 18. Bxb8 Qxb8 19. Qxc4 Be6 20. Qa6 Qb3 21. Rd5 Nxd5 22. exd5 Bxd5 23. Ra1 Qxb2 24. Qa3 Rb8 25. Nfd2 Qc2 26. f3 Bh6 27. Qxc5 Bxd2 28. Nxd2 Qxd2 29. h4 Rb2 30. Qc8+ Kg7 31. Qg4 Qf2+ 32. Kh1 h5 33. Qh3 Bc4 34. Rg1 a5 35. Qh2 Be6 36. Qf4 Kh7 37. Qf6 a4 0-1